Marketing and Promotion (Record no. 18370)
[ view plain ]
| 000 -LEADER | |
|---|---|
| fixed length control field | 00487nam a22001937a 4500 |
| 005 - DATE AND TIME OF LATEST TRANSACTION | |
| control field | 20230517130402.0 |
| 008 - FIXED-LENGTH DATA ELEMENTS--GENERAL INFORMATION | |
| fixed length control field | 230517b |||||||| |||| 00| 0 eng d |
| 020 ## - INTERNATIONAL STANDARD BOOK NUMBER | |
| ISBN | 9788130917641 |
| 082 ## - DEWEY DECIMAL CLASSIFICATION NUMBER | |
| Classification number | 658.80076 |
| Item number | RIL-M |
| 100 ## - MAIN ENTRY--AUTHOR | |
| Author Name | Riley;Pippa |
| 245 ## - TITLE STATEMENT | |
| Title | Marketing and Promotion |
| 250 ## - EDITION STATEMENT | |
| Edition statement | Viva Student Edition |
| 260 ## - PUBLICATION, DISTRIBUTION, ETC. | |
| Place of Publication | India |
| Name of publisher, distributor, etc. | BPP Learning media Ltd |
| Date of publication, distribution, etc. | 2011 |
| 300 ## - PHYSICAL DESCRIPTION | |
| Pages | 341 |
| 500 ## - GENERAL NOTE | |
| General note | Index + Bibliograghy |
| 650 ## - SUBJECT ADDED ENTRY--TOPICAL TERM | |
| Subject / Department | Marketing |
| 700 ## - ADDED ENTRY--PERSONAL NAME | |
| Personal name | Pippa,Riley |
| 952 ## - LOCATION AND ITEM INFORMATION (KOHA) | |
| -- | 0 |
| -- | 0 |
| Lost status | Damaged status | Permanent Location | Current Location | Shelving Location | Date acquired | Source of acquisition | Full Call Number | Accession No./Barcode | Date last seen | item type |
|---|---|---|---|---|---|---|---|---|---|---|
| Superior Information Resource Center (SIRC) Superior University- Main Campus | Superior Information Resource Center (SIRC) Superior University- Main Campus | Marketing | 05/17/2023 | Imperial books | 658.80076 RIL-M 2011 | 15844 | 05/17/2023 | BOOK |
